Statues dédiées à Jésus Christ dans le monde - Statistiques

Statistiques générales
  • Ce quiz a été pris 35 fois
  • Le résultat moyen est 5 sur 20
Statistiques - réponses
Par images Hint Réponse % Correct
Amérique du Sud Rio de Janeiro
100%
Péninsule ibérique Lisbonne
58%
Italie Rome - Vatican
55%
France Marseille
39%
Belgique Bruges
32%
Amérique du Sud Buenos Aires
26%
Océanie Sydney
26%
Antilles La Havane
23%
Asie du Sud-Est Manille
23%
France Reims
23%
Île ibérique Ibiza
19%
États-Unis d'Amérique (Golfe du Mexique) La Nouvelle-Orléans
19%
France Versailles
16%
Suisse romande Fribourg
13%
France Les Houches
13%
France Font-Romeu
10%
Île de Floride Key Largo
10%
Péninsule ibérique Saint-Sébastien
10%
Italie (Basilicate) Maratea
3%
Pologne Świebodzin
0%
Aucun quiz correspondant
Distribution des résultats
% des personnes avec chaque résultat
Percentile par nombre de réponses
Votre historique - résultats
Vous n’avez pas pris ce quiz